<?xml version="1.0" encoding="UTF-8"?>
<record
    xmlns:xsi="http://www.w3.org/2001/XMLSchema-instance"
    xsi:schemaLocation="http://www.loc.gov/MARC21/slim http://www.loc.gov/standards/marcxml/schema/MARC21slim.xsd"
    xmlns="http://www.loc.gov/MARC21/slim">

  <leader>00353nam a22001217a 4500</leader>
  <datafield tag="040" ind1=" " ind2=" ">
    <subfield code="c">HS</subfield>
  </datafield>
  <datafield tag="082" ind1=" " ind2=" ">
    <subfield code="a">338</subfield>
  </datafield>
  <datafield tag="100" ind1=" " ind2=" ">
    <subfield code="a">&#x1786;&#x17B6;&#x1799;&#x200B;&#x200B; &#x1782;&#x1784;&#x17D2;&#x1782;&#x17B6;</subfield>
  </datafield>
  <datafield tag="245" ind1=" " ind2=" ">
    <subfield code="a"> &#x1780;&#x17B6;&#x179A;&#x179C;&#x17B7;&#x1797;&#x17B6;&#x1782;&#x1782;&#x17C4;&#x179B;&#x1793;&#x1799;&#x17C4;&#x1794;&#x17B6;&#x1799;&#x1780;&#x179F;&#x17B7;&#x1780;&#x1798;&#x17D2;&#x1798; agricultural policy analysis</subfield>
  </datafield>
  <datafield tag="260" ind1=" " ind2=" ">
    <subfield code="a">RUA</subfield>
    <subfield code="b">&#x1786;&#x17B6;&#x1799; &#x1782;&#x1784;&#x17D2;&#x1782;&#x17B6;</subfield>
    <subfield code="c">2013</subfield>
  </datafield>
  <datafield tag="300" ind1=" " ind2=" ">
    <subfield code="a">367p;</subfield>
  </datafield>
  <datafield tag="942" ind1=" " ind2=" ">
    <subfield code="c">EK</subfield>
  </datafield>
  <datafield tag="999" ind1=" " ind2=" ">
    <subfield code="c">8880</subfield>
    <subfield code="d">8880</subfield>
  </datafield>
  <datafield tag="952" ind1=" " ind2=" ">
    <subfield code="0">0</subfield>
    <subfield code="1">0</subfield>
    <subfield code="4">0</subfield>
    <subfield code="6">338_000000000000000_&#x1786;&#x17B6;&#x1799;_2013_C064</subfield>
    <subfield code="7">0</subfield>
    <subfield code="9">49904</subfield>
    <subfield code="a">LBC</subfield>
    <subfield code="b">LBC</subfield>
    <subfield code="c">C064</subfield>
    <subfield code="d">2016-08-18</subfield>
    <subfield code="o">338 &#x1786;&#x17B6;&#x1799; 2013 C064</subfield>
    <subfield code="p">RUA043074</subfield>
    <subfield code="r">2016-08-18</subfield>
    <subfield code="y">EK</subfield>
  </datafield>
  <datafield tag="952" ind1=" " ind2=" ">
    <subfield code="0">0</subfield>
    <subfield code="1">0</subfield>
    <subfield code="4">0</subfield>
    <subfield code="6">338_000000000000000_&#x1786;&#x17B6;&#x1799;_2013_C195</subfield>
    <subfield code="7">0</subfield>
    <subfield code="9">52183</subfield>
    <subfield code="a">LBC</subfield>
    <subfield code="b">LBC</subfield>
    <subfield code="c">C195</subfield>
    <subfield code="d">2016-09-15</subfield>
    <subfield code="o">338 &#x1786;&#x17B6;&#x1799; 2013 C195</subfield>
    <subfield code="p">RUA043031</subfield>
    <subfield code="r">2016-09-15</subfield>
    <subfield code="y">EK</subfield>
  </datafield>
</record>
